| 000 | 00763nam a2200193 i 4500 | ||
|---|---|---|---|
| 001 | 137435 | ||
| 003 | ES-MaACL | ||
| 005 | 20230906195354.0 | ||
| 007 | t| | ||
| 008 | 070214s1919 sp r ||||1| spa d | ||
| 100 | 1 |
_aSánchez Alonso, Benito. _9102446 |
|
| 245 | 1 | 0 |
_aFuentes de la historia de España _b: ensayo de bibliografía sistemática de monografías impresas que ilustran la historia política nacional de España / _cBenito Sánchez Alonso ; prólogo de Rafael Altamira. |
| 260 |
_aMadrid : _b[s.n.], _c1919 ( _fImp. Clásica española) |
||
| 300 |
_aXXI, 448 p. ; _c25 cm. |
||
| 651 | 4 |
_aEspaña- _xHistoria- _vBibliografías. _9158754 |
|
| 700 | 1 |
_aAltamira, Rafael, _d1866-1951 _920515 |
|
| 852 |
_aES-MaACL _jB-4959 |
||
| 999 |
_c137435 _d137435 |
||